00301pab a2200121 454500008004000000100002000040245005400060260000900114300001100123362000900134650002500143773001100168180718b1987 xxu||||| |||| 00| 0 eng d aRest, David Van aPolicies for major roads in urban areas in the UK c1987 a236-52 aAug. aTransportation - U.K aCities